000
00294nam a2200145Ia 4500
100
_a
Pritchett/ price
942
_c
BK
654
_a
mars
245
_a
Mars Pathfinder
260
_b
Pritchett & Ass
_c
1998
082
_a
658.4063
_b
PRI/MU
300
_a
84
546
_a
ENGLISH
999
_c
30663
_d
30663